|
|
|
|
| LEADER |
02340nem a2200505 a 4500 |
| 001 |
mzk03001178558 |
| 003 |
CZ BrMZK |
| 005 |
20130731090438.0 |
| 007 |
aj|canzn |
| 008 |
071026q17011720gw i||||||a|||r|0|||lat|d |
| 034 |
1 |
|
|a a
|b 760000
|d E0134417
|e E0192700
|f N0522428
|g N0491335
|
| 040 |
|
|
|a BOE950
|b cze
|
| 043 |
|
|
|a e-xr---
|b e-xr-sl
|a e-pl---
|2 czenas
|
| 072 |
|
7 |
|a 912:904
|x Staré mapy
|2 Konspekt
|9 7
|
| 080 |
|
|
|a (438)
|2 MRF
|
| 080 |
|
|
|a (437.33+438)
|2 MRF
|
| 080 |
|
|
|a (084.3)
|2 MRF
|
| 080 |
|
|
|a (084.3)
|2 MRF
|
| 100 |
1 |
|
|a Homann, Johann Baptist,
|d 1663-1724
|7 mzk2006356133
|4 aut
|
| 245 |
1 |
0 |
|a Superioris et Inferioris Ducatus Silesiae in suos XVII minores Principatus et Dominia divisi nova tabula
|h [kartografický dokument] /
|c in lucem edita a Ioh. Baptista Homanno Norimbergae. Cum privilegio Sac. Caes. Majestatis
|
| 255 |
|
|
|a Měřítko [ca 1:760 000]. 7,8 cm = 8 německých mil
|c (013°44´17" v.d.--019°27´00" v.d./052°24´28" s.š.--049°13´35" s.š.)
|
| 260 |
|
|
|a Norimbergae :
|b Ioh. Baptista Homanno,
|c [mezi 1701 a 1720]
|
| 300 |
|
|
|a 1 mapa :
|b ručně kolorovaná mědirytina ;
|c 49 x 59 cm, složeno na 25 x 30 cm
|
| 500 |
|
|
|a Výzdoba: Vpravo nahoře plán Vratislavi nesený amorky, vlevo dole nápisový monument na kterém je umístěno dole i měřítko umístěný do krajiny a obklopený alegorickými postavami (Hermes, říční bůh, alegorie dobré vlády, amorci ...), v mapovém rámci geografické souřadnice
|
| 500 |
|
|
|a V pravém horním rohu plán Vratislavi
|
| 505 |
0 |
0 |
|t Breslaw. --
|g 10 x 10 cm
|
| 510 |
3 |
|
|a IDS Basel Bern
|
| 561 |
|
|
|a Provenience: [stará signatura] 26.3.
|
| 561 |
|
|
|a Provenience: [stará signatura] M 16
|
| 561 |
|
|
|a Provenience: [stará signatura] J 26
|
| 561 |
|
|
|a Provenience: [m.p.] Schlesien ...
|
| 655 |
|
7 |
|a staré mapy
|7 fd674099
|2 czenas
|
| 655 |
|
7 |
|a plány měst
|7 fd133027
|2 czenas
|
| 651 |
|
7 |
|a Slezsko (Česko)
|7 ge138041
|2 czenas
|
| 651 |
|
7 |
|a Vratislav (Polsko)
|7 ge131413
|2 czenas
|
| 740 |
0 |
2 |
|a Breslaw
|
| 903 |
|
|
|a RP
|
| 910 |
|
|
|e BOE950
|c R - DCCIII (I.II.a)
|
| 978 |
|
|
|b Homann, Johann Baptista
|a Nürnberg
|c 1701-1720
|
| 984 |
|
|
|a Norimberk
|b Německo
|
| 985 |
|
|
|a 1701-1750
|
| 990 |
|
|
|a MP
|
| 996 |
|
|
|e BOE950
|c R - DCCIII (I.II.a)
|
| 991 |
|
|
|k rajhrad
|
| 980 |
|
|
|c 290398
|g R - DCCIII (I.II.a)
|d 20071026
|t 5
|1 328100290398
|z KR
|